[Event "Wroclaw Anderssen Memorial"]
[Site "Wroclaw"]
[Date "2022.07.30"]
[Round "6"]
[White "Kokurewicz, Konrad"]
[Black "Czarnecki, Maciej"]
[Result "1-0"]
[WhiteElo "1675"]
[BlackElo "1360"]
[PlyCount "98"]
[EventDate "2022.07.30"]
[EventType "swiss (rapid)"]
[EventRounds "9"]
[EventCountry "POL"]
[SourceTitle "CBM 209 Extra"]
[Source "ChessBase"]
[SourceDate "2022.09.30"]
[SourceVersion "1"]
[SourceVersionDate "2022.09.30"]
[SourceQuality "1"]

1. e4 c6 2. d4 d5 3. exd5 cxd5 4. c4 dxc4 5. Bxc4 e6 6. Nf3 Nc6 7. 0-0 Nge7 8. Nc3 g6 9. Bf4 Bg7 10. Be5 Nxe5 11. dxe5 Qxd1 12. Raxd1 a6 13. Ne4 0-0 14. Nd6 b5 15. Be2 Ra7 16. Rc1 Bb7 17. Nxb7 Rxb7 18. Rfd1 h6 19. Rd6 Ra8 20. b4 Kh7 21. h3 Nd5 22. a3 Rb6 23. Rd7 Kg8 24. Bd3 Nf4 25. Bf1 Nd5 26. Bd3 Nf4 27. Rcc7 Nd5 28. Rc1 Nf4 29. Rcc7 Nd5 30. Ra7 Rxa7 31. Rxa7 Nc3 32. g3 Bf8 33. h4 Bg7 34. Kg2 Nd5 35. Be4 Nc3 36. Bd3 Nd5 37. Be4 Nc3 38. Bc2 Nd5 39. Kh3 Bf8 40. Kg2 Bg7 41. Kf1 Rc6 42. Be4 Rc1+ 43. Kg2 Rc3 44. Bxd5 exd5 45. Rxa6 d4 46. Nxd4 Bxe5 47. Nf3 Bc7 48. Ra7 Bd6 49. Rd7 Bb8 1-0